000 00515nam a2200205Ia 4500
001 11967
003 GE_BSU
008 181216s||||||||xx |||||||||||||| ||und||
020 _a0708843158
040 _cGE_BSU
080 _a821.111-32
100 _aWillis,Ted
245 4 _aThe Green Leaves of Summer:The second season of rosie carr.
260 _aLondon
260 _bfutura
260 _c1988.
300 _a303p;18cm.
653 _aThe Green Leaves of Summer:The second season of rosie carr.
942 _cBK
999 _c45144
_d45144